| 000 | 01059cam a22002054a 4500 | ||
|---|---|---|---|
| 005 | 20250605164141.0 | ||
| 008 | 250528s ||||||||||||||||||||||||d | ||
| 035 | _a18980 | ||
| 020 | _a9602110295 | ||
| 040 |
_aGR-AtMCL _bgre _dGR-AtMCL _eAACR2 |
||
| 245 | 1 | _aΟπτική Σύνταξη / Λειτουργία και Παραγωγή Μορφών | |
| 260 |
_bΝεφέλη, _c1988 |
||
| 300 | _a208 | ||
| 505 | 0 | _aΕισαγωγή, Οπτική Αντίληψη, Τα Στοιχεία, Οι Αρχές, Διαδικασίες και Χειρισμοί, Το Χρώμα, Αρχιτεκτονική και Χρώμα, Βιβλιογραφία, Βιογραφικό. | |
| 520 | _aΕισαγωγή, Οπτική Αντίληψη, Τα Στοιχεία, Οι Αρχές, Διαδικασίες και Χειρισμοί, Το Χρώμα, Αρχιτεκτονική και Χρώμα, Βιβλιογραφία, Βιογραφικό. | ||
| 700 | 1 |
_aΒακαλό Εμμανουήλ-Γεώργιος _95260 |
|
| 942 | _cBK | ||
| 999 |
_c4272 _d4272 |
||